|
|
|
|
| LEADER |
00000cam a22000004a 4500 |
| 001 |
musev2_30705 |
| 003 |
MdBmJHUP |
| 005 |
20230905043239.0 |
| 006 |
m o d |
| 007 |
cr||||||||nn|n |
| 008 |
120209s2012 nju o 00 0 eng d |
| 020 |
|
|
|a 9781400842353
|
| 020 |
|
|
|z 9780691163307
|
| 020 |
|
|
|z 9780691152851
|
| 035 |
|
|
|a (OCoLC)775872992
|
| 040 |
|
|
|a MdBmJHUP
|c MdBmJHUP
|
| 100 |
1 |
|
|a Halbertal, Moshe.
|
| 245 |
1 |
0 |
|a On Sacrifice /
|c Moshe Halbertal.
|
| 264 |
|
1 |
|a Princeton :
|b Princeton University Press,
|c 2012.
|
| 264 |
|
3 |
|a Baltimore, Md. :
|b Project MUSE,
|c 2015
|
| 264 |
|
4 |
|c ©2012.
|
| 300 |
|
|
|a 1 online resource (152 pages).
|
| 336 |
|
|
|a text
|b txt
|2 rdacontent
|
| 337 |
|
|
|a computer
|b c
|2 rdamedia
|
| 338 |
|
|
|a online resource
|b cr
|2 rdacarrier
|
| 505 |
0 |
|
|a Offering, rejection, and ritual -- Sacrifice, exchange, and love -- Sacrifice and its substitutes -- Self-transcendence and violence -- War and sacrificial logic -- Sacrifice and the political bond -- The tate and the sacrificial stage.
|
| 520 |
|
|
|a The idea and practice of sacrifice play a profound role in religion, ethics, and politics. In this brief book, philosopher Moshe Halbertal explores the meaning and implications of sacrifice, developing a theory of sacrifice as an offering and examining the relationship between sacrifice, ritual, violence, and love. On Sacrifice also looks at the place of self-sacrifice within ethical life and at the complex role of sacrifice as both a noble and destructive political ideal. In the religious domain, Halbertal argues, sacrifice is an offering, a gift given in the context of a hierarchical relationship.
|
| 588 |
|
|
|a Description based on print version record.
|
| 650 |
|
7 |
|a Self-sacrifice.
|2 fast
|0 (OCoLC)fst01111926
|
| 650 |
|
7 |
|a Sacrifice.
|2 fast
|0 (OCoLC)fst01103249
|
| 650 |
|
7 |
|a RELIGION
|x Reference.
|2 bisacsh
|
| 650 |
|
6 |
|a Devouement.
|
| 650 |
|
6 |
|a Sacrifice.
|
| 650 |
|
0 |
|a Self-sacrifice.
|
| 650 |
|
0 |
|a Sacrifice.
|
| 655 |
|
7 |
|a Electronic books.
|2 local
|
| 710 |
2 |
|
|a Project Muse.
|e distributor
|
| 830 |
|
0 |
|a Book collections on Project MUSE.
|
| 856 |
4 |
0 |
|z Texto completo
|u https://projectmuse.uam.elogim.com/book/30705/
|
| 945 |
|
|
|a Project MUSE - Custom Collection
|
| 945 |
|
|
|a Project MUSE - Archive Complete Supplement III
|
| 945 |
|
|
|a Project MUSE - Archive Philosophy and Religion Supplement III
|